000 00214nam a2200097Ia 4500
008 190216s9999||||xx |||||||||||||| ||und||
100 _aGopinathan Nair T N
245 0 _aParivarthanam
260 _bNull
942 _cBK
999 _c24424
_d24424